000 00311nam a22001337a 4500
008 170801b xxu||||| |||| 00| 0 eng d
020 _a0471995797
041 _aeng
080 _a004
100 _a32
101 _aSHKI
245 _aTHE CODASYL APPROACH TO DATA BASE MANAGEMENT
_cOLLE, T.W
942 _2udc
_cBK
999 _c22382
_d22382